<?xml version="1.0" encoding="UTF-8"?>
<collection xmlns="http://www.loc.gov/MARC21/slim">
<record>
  <controlfield tag="001">144782</controlfield>
  <controlfield tag="005">20260219090932.0</controlfield>
  <datafield tag="024" ind1="7" ind2=" ">
    <subfield code="2">doi</subfield>
    <subfield code="a">10.20318/recs.2024.7285</subfield>
  </datafield>
  <datafield tag="024" ind1="8" ind2=" ">
    <subfield code="2">sideral</subfield>
    <subfield code="a">139570</subfield>
  </datafield>
  <datafield tag="037" ind1=" " ind2=" ">
    <subfield code="a">ART-2024-139570</subfield>
  </datafield>
  <datafield tag="041" ind1=" " ind2=" ">
    <subfield code="a">spa</subfield>
  </datafield>
  <datafield tag="100" ind1=" " ind2=" ">
    <subfield code="a">Muñoz Tomás, Mª Teresa</subfield>
  </datafield>
  <datafield tag="245" ind1=" " ind2=" ">
    <subfield code="a">Efectividad de la telerrehabilitación en Atención Primaria: estudio piloto con patología degenerativa de manguito rotador de hombro</subfield>
  </datafield>
  <datafield tag="260" ind1=" " ind2=" ">
    <subfield code="c">2024</subfield>
  </datafield>
  <datafield tag="506" ind1="0" ind2=" ">
    <subfield code="a">Access copy available to the general public</subfield>
    <subfield code="f">Unrestricted</subfield>
  </datafield>
  <datafield tag="520" ind1="3" ind2=" ">
    <subfield code="a">Introducción: La patología degenerativa de manguito rotador de hombro tiene una gran prevalencia en Atención Primaria. La telerrehabilitación aplicada en patología músculo-esquelética nos aporta resultados positivos respecto a la mejora de la funcionalidad y el dolor. Objetivos: Analizar la efectividad de una intervención mediante telerrehabilitación en población adulta afectada de patología degenerativa de manguito rotador de hombro en Atención Primaria. Metodología: Se diseñó un protocolo definiendo ámbito de aplicación, población diana, criterios inclusión/exclusión, plan de intervención y variables a evaluar. Resultados: Participaron un total de cinco mujeres con patología degenerativa de manguito rotador de hombro. Tras finalizar la intervención, mejoraron las puntuaciones de los tests a las 2, 5, 8 y 12 semanas. Conclusiones: La intervención mediante telerrehabilitación permite el abordaje de un problema con gran prevalencia en Atención Primaria como es la patología degenerativa de manguito rotador de hombro, facilitando el acceso a la población, evitando desplazamientos al centro de salud y ofreciendo calidad asistencial a los pacientes. Los resultados obtenidos nos permiten intuir que esta intervención parece ser eficaz y viable para abordar dicha patología pero se requiere la realización de un ensayo clínico para su validación.</subfield>
  </datafield>
  <datafield tag="540" ind1=" " ind2=" ">
    <subfield code="9">info:eu-repo/semantics/openAccess</subfield>
    <subfield code="a">by-nd</subfield>
    <subfield code="u">https://creativecommons.org/licenses/by-nd/4.0/deed.es</subfield>
  </datafield>
  <datafield tag="590" ind1=" " ind2=" ">
    <subfield code="a">0.5</subfield>
    <subfield code="b">2024</subfield>
  </datafield>
  <datafield tag="655" ind1=" " ind2="4">
    <subfield code="a">info:eu-repo/semantics/article</subfield>
    <subfield code="v">info:eu-repo/semantics/publishedVersion</subfield>
  </datafield>
  <datafield tag="700" ind1=" " ind2=" ">
    <subfield code="a">Vicente Parra, Araceli</subfield>
  </datafield>
  <datafield tag="700" ind1=" " ind2=" ">
    <subfield code="a">Burillo Lafuente, Mario</subfield>
  </datafield>
  <datafield tag="700" ind1=" " ind2=" ">
    <subfield code="a">Franco Sierra, Mª Ángeles</subfield>
    <subfield code="u">Universidad de Zaragoza</subfield>
    <subfield code="0">(orcid)0000-0001-8836-2441</subfield>
  </datafield>
  <datafield tag="710" ind1="2" ind2=" ">
    <subfield code="1">1006</subfield>
    <subfield code="2">413</subfield>
    <subfield code="a">Universidad de Zaragoza</subfield>
    <subfield code="b">Dpto. Fisiatría y Enfermería</subfield>
    <subfield code="c">Área Fisioterapia</subfield>
  </datafield>
  <datafield tag="773" ind1=" " ind2=" ">
    <subfield code="g">15, 1 (2024), 77-85</subfield>
    <subfield code="p">Rev. esp. comun. salud</subfield>
    <subfield code="t">Revista española de comunicación en salud</subfield>
    <subfield code="x">1989-9882</subfield>
  </datafield>
  <datafield tag="856" ind1="4" ind2=" ">
    <subfield code="s">828744</subfield>
    <subfield code="u">http://zaguan.unizar.es/record/144782/files/texto_completo.pdf</subfield>
    <subfield code="y">Versión publicada</subfield>
  </datafield>
  <datafield tag="856" ind1="4" ind2=" ">
    <subfield code="s">3312166</subfield>
    <subfield code="u">http://zaguan.unizar.es/record/144782/files/texto_completo.jpg?subformat=icon</subfield>
    <subfield code="x">icon</subfield>
    <subfield code="y">Versión publicada</subfield>
  </datafield>
  <datafield tag="909" ind1="C" ind2="O">
    <subfield code="o">oai:zaguan.unizar.es:144782</subfield>
    <subfield code="p">articulos</subfield>
    <subfield code="p">driver</subfield>
  </datafield>
  <datafield tag="951" ind1=" " ind2=" ">
    <subfield code="a">2026-02-19-09:00:18</subfield>
  </datafield>
  <datafield tag="980" ind1=" " ind2=" ">
    <subfield code="a">ARTICLE</subfield>
  </datafield>
</record>
</collection>